| 000 | 00944nam a22002417a 4500 | ||
|---|---|---|---|
| 005 | 20100802152659.0 | ||
| 010 | _aENG-97769 | ||
| 020 |
_a8186762310 _c300.00 |
||
| 020 |
_a9788186762318 _c300.00 |
||
| 035 | _aEN-81302 | ||
| 037 | _bDBAD/PUB | ||
| 082 | _a327.5405493 | ||
| 100 |
_aGulam Mohammand Dar _95743 |
||
| 245 |
_aThe ethnic conflict in Sri-Lanka : _bimpact on Indo-Sri-Lanka relations / _cby Gulam Mohammand Dar |
||
| 260 |
_aNew Delhi _bDilpreet Publishing House _c2010 |
||
| 270 |
_a4393/4A, First Floor, Ansari Road, Darya Ganj, _bNew Delhi _e110002 |
||
| 300 |
_aviii,118p. _c23cm (Hb) |
||
| 500 | _aIncludes bibliographical references | ||
| 650 |
_aEthnic Conflict _95744 |
||
| 650 |
_aInternational Relations _95745 |
||
| 942 |
_2ddc _cEN _h327.5405493 _mGUL |
||
| 999 |
_c38738 _d38738 |
||